Soldiers of freedom movement / (Record no. 144412)

MARC details
000 -LEADER
fixed length control field 00603nam a22001937a 4500
005 - DATE AND TIME OF LATEST TRANSACTION
control field 20170912165018.0
010 ## - LCCN (DPL NO)
LC control number ENG-120263
020 ## - INTERNATIONAL STANDARD BOOK NUMBER
Terms of availability 1150.00
International Standard Book Number 9789380930855
035 ## - SYSTEM CONTROL NUMBER
System control number EN-103795
037 ## - SOURCE OF ACQUISITION
Source of stock number/acquisition DBAD /PUB
082 ## - DEWEY DECIMAL CLASSIFICATION NUMBER
Classification number 954.0841
100 ## - MAIN ENTRY--PERSONAL NAME
Personal name Sharma,Ramakant
245 ## - TITLE STATEMENT
Title Soldiers of freedom movement /
Statement of responsibility, etc by Ramakant Sharma
260 ## - PUBLICATION, DISTRIBUTION, ETC. (IMPRINT)
Place of publication, distribution, etc New Delhi
Name of publisher, distributor, etc Yking Books
Date of publication, distribution, etc 2012
270 ## - ADDRESS
Address 18,jain Bhawan,Opp N.B.C. Shanti Nagar
City Jaipur
Postal code 302006
300 ## - PHYSICAL DESCRIPTION
Extent vi,304p.
Dimensions 22cm(Hb)
500 ## - GENERAL NOTE
General note Includes bibliographical references and index
942 ## - ADDED ENTRY ELEMENTS (KOHA)
Source of classification or shelving scheme Dewey Decimal Classification
Item type English Books
Classification part 954.0841
Call number suffix SHA
Holdings
Withdrawn status Lost status Not for loan Collection code Home library Current library Date acquired Source of acquisition Cost, normal purchase price Full call number Barcode Copy number Cost, replacement price Koha item type
      Non-fiction Ashok Vihar Ashok Vihar 12/09/2017 DBAD/PUB 1150.00 954.0841 SHA EN-103795 1 1150.00 English Books

© Delhi Public Library
Hit Counter
free hit counter